| 000 -LEADER |
| fixed length control field |
00492nam a2200169 4500 |
| 008 - FIXED-LENGTH DATA ELEMENTS--GENERAL INFORMATION |
| fixed length control field |
240716b ||||| |||| 00| 0 eng d |
| 020 ## - INTERNATIONAL STANDARD BOOK NUMBER |
| International Standard Book Number |
8186852883 |
| Terms of availability |
Rs 150.00 |
| 041 0# - LANGUAGE CODE |
| Language code of text/sound track or separate title |
eng |
| 082 00 - DEWEY DECIMAL CLASSIFICATION NUMBER |
| Classification number |
828.9935 |
| Item number |
M9849 |
| 100 ## - MAIN ENTRY--PERSONAL NAME |
| 9 (RLIN) |
5637 |
| Personal name |
Murty, Sudha |
| 245 10 - TITLE STATEMENT |
| Title |
Wise and other wise : a salute to life / |
| 260 ## - PUBLICATION, DISTRIBUTION, ETC. (IMPRINT) |
| Place of publication, distribution, etc |
Chennai : |
| Name of publisher, distributor, etc |
East West Books (Madras) Pvt. Ltd., |
| Date of publication, distribution, etc |
2005. |
| 300 ## - PHYSICAL DESCRIPTION |
| Extent |
188 p. ; |
| Dimensions |
22 cm |
| 365 ## - TRADE PRICE |
| Price type code |
INR |
| Price amount |
150.00 |
| 650 #0 - SUBJECT ADDED ENTRY--TOPICAL TERM |
| Topical term or geographic name as entry element |
English Literature |
| 942 ## - ADDED ENTRY ELEMENTS (KOHA) |
| Source of classification or shelving scheme |
|
| Item type |
Books |